We die but once : (Record no. 130136)

MARC details
000 -LEADER
fixed length control field 00609nam a22002177a 4500
005 - DATE AND TIME OF LATEST TRANSACTION
control field 20170124110107.0
010 ## - LIBRARY OF CONGRESS CONTROL NUMBER
LC control number A-794361
020 ## - INTERNATIONAL STANDARD BOOK NUMBER
Terms of availability 00.00
International Standard Book Number 8170992982
035 ## - SYSTEM CONTROL NUMBER
System control number A-794361
037 ## - SOURCE OF ACQUISITION
Source of stock number/acquisition Cen Lib/Ret
040 ## - CATALOGING SOURCE
Original cataloging agency DPL
Language of cataloging EN
082 ## - DEWEY DECIMAL CLASSIFICATION NUMBER
Classification number N
Item number MAH
100 ## - MAIN ENTRY--PERSONAL NAME
Personal name Mahadevan, T K
9 (RLIN) 18538
245 ## - TITLE STATEMENT
Title We die but once :
Statement of responsibility, etc by T K Mahadevan
Remainder of title a novel /
260 ## - PUBLICATION, DISTRIBUTION, ETC. (IMPRINT)
Place of publication, distribution, etc New Delhi
Name of publisher, distributor, etc Mittal Publications
Date of publication, distribution, etc 1995
270 ## - ADDRESS
City New Delhi
Address A-110, Mohan garden
Postal code 110059
300 ## - PHYSICAL DESCRIPTION
Extent 171p.
Dimensions 20cm(Hb)
650 ## - SUBJECT ADDED ENTRY--TOPICAL TERM
Topical term or geographic name as entry element English literature
9 (RLIN) 102027
650 ## - SUBJECT ADDED ENTRY--TOPICAL TERM
Topical term or geographic name as entry element English novels
9 (RLIN) 102028
942 ## - ADDED ENTRY ELEMENTS (KOHA)
Source of classification or shelving scheme Dewey Decimal Classification
Koha item type English Books
Classification part N
Call number suffix MAH
Holdings
Withdrawn status Lost status Damaged status Not for loan Home library Current library Date acquired Source of acquisition Cost, normal purchase price Total Checkouts Total Renewals Full call number Barcode Date last seen Date checked out Copy number Cost, replacement price Price effective from Koha item type
        Central Library Central Library 08/07/2015 Cen Lib/Ret 0.00 1 2 N MAH A-794361 01/02/2021 24/12/2020 1 0.00 08/07/2015 English Books

© Delhi Public Library
Hit Counter
free hit counter